Lange Schatten-Largas sombras

Αποθηκεύτηκε σε:
Λεπτομέρειες βιβλιογραφικής εγγραφής
Κύριος συγγραφέας: Kaschnitz, Marie Luise
Μορφή: Βιβλίο
Γλώσσα:Undetermined
Έκδοση: München, Alemania Max Hueber 1967
Θέματα:
Ετικέτες: Προσθήκη ετικέτας
Δεν υπάρχουν, Καταχωρήστε ετικέτα πρώτοι!

MARC

LEADER 00000nam a2200000Ia 4500
008 170316s9999 xx 000 0 und d
040 |a cru BVZT 
090 |a 830 K-3L 
100 |a Kaschnitz, Marie Luise 
245 |a Lange Schatten-Largas sombras 
260 |a München, Alemania 
260 |b Max Hueber 
260 |c 1967 
300 |a 115 páginas 
650 |a LITERATURA ALEMANA 
999 |c 7380  |d 7380 
942 |c 15 D  |h 830 K-3L  |2 z